| 000 | 00471cam a2200181ua 4500 | ||
|---|---|---|---|
| 020 | _c19.50 | ||
| 041 |
_aeng _h |
||
| 082 |
_a660 _bAND/IN |
||
| 100 | _aAndersen, Bryce L . | ||
| 245 | 0 | 0 |
_aIntroduction to chemical engineering / _cBryce L Andersen. _hTextual Documents |
| 260 |
_aNew York : _bMcGraw Hill Book Company , _c1952. |
||
| 300 | _a364 ; . | ||
| 365 | _a19.50 | ||
| 504 | _a | ||
| 700 | 1 | _aWenzel, Leonard . | |
| 942 | _cBK | ||
| 999 |
_c3289 _d3289 |
||